000 00536nam a2200193Ia 4500
005 20250707102215.0
008 008 250516s9999 xx 000 0 hin d
020 _a9788197785436
040 _beng
_cSDCL
041 _ahin
_2hin
084 _aΔ:3 R4
100 _aParikh, Vikram
_9815223
245 0 _aYogasan aur shareer vigyan
246 _aयोगासन और शरीर विज्ञान
260 _aNew Delhi :
_bRawat Prakashan,
_c2024.
300 _a224p.
650 _aSanskrit
942 _cTEXL
_2CC
999 _c1430344
_d1430344